Piłka nożna - Statystyki

Ogólne statystyki
  • Ten quiz został rozwiązany 6 302 razy
  • Średni wynik to 9 z 15
Statystyki odpowiedzi
Zagadnienie Odpowiedź % Poprawnych
Najwięcej zwycięstw w lidze mistrzów zdobył Real Madryt
96%
Najwięcej goli w lidze mistrzów strzelił Cristiano Ronaldo
88%
Najblisze mś 2022 odbędą się w Katarze
83%
Najwięcej złotych piłek posiada Lionel Messi
82%
Emirates Stadium to nazwa stadionu którego klubu? Arsenal
68%
FC Barcelona została założona w 1899 roku
66%
Real Madryt został założony w 1902 roku
63%
Jaki kraj oznacza przydomek "czerwone diabły" Belgię
60%
Ile razy Bayern Monachium zdobył puchar ligi mistrzów 5
58%
Klub BATE Borysów znajduje się na ? Białorusi
55%
Obecny mistrz ligi europy to Chelsea
53%
Ostatni zwycięzca ligi mistrzów Liverpool FC
53%
Jaką wynikiem skończył się mecz Wisły Kraków nad FC Barceloną w 2008 roku 1-0
45%
W obecnej lidze narodów 2020 polska jest w grupie z Holandią,Włochami i Bośnią i Hercegowiną
30%
najwięcej zwycięstw w ekstraklasie posiada Wisła Kraków i Górnik zabrze
23%
Nie znaleziono quizów pasujących do podanych kryteriów
Rozkład punktacji
Procent ludzi z każdym wynikiem
Percentyl według liczby udzielonych odpowiedzi
Twoja historia wyników
Nie rozwiązałeś tego quizu